| 000 | 00000nam##2200000za#4500 |
| 001 | 9.642401 |
| 003 | CaOODSP |
| 005 | 20210624223700 |
| 007 | cr ||||||||||| |
| 008 | 150407|1999||||xxc|||||o f|0| 0 fre|d |
| 040 | |aCaOODSP|bfre |
| 043 | |an-cn--- |
| 086 | 1 |aRH34-13/1999F-PDF |
| 110 | 1 |aCanada.|bDéveloppement des ressources humaines Canada. |bStratégie emploi jeunesse. |
| 245 | 13|aLe manuel du travail : |h[ressource électronique]|bun guide de ressources pour lancer votre carrière / |c[publié par] le Consortium canadien des carrières. |
| 260 | |aOttawa - Ontario : |bDéveloppement des ressources humaines Canada. |cc1999. |
| 300 | |a20p.|bréférences, photographies |
| 500 | |aL'ISBN (1-895813-90-5) de l'édition imprimée a été incorrectement copié dans l'édition électronique. |
| 520 | 3 |a« Votre point de départ pour trouver-- des ressources utiles sur les emplois et les carrières, des renseignements sur l'industrie et les professions, de formidables sites Web sur les carrières, des conseils précieux sur la gestion de votre carrière, des faits intéressants sur le monde du travail. Plus: des pages pour y inscrire des notes et autres resnsignements utiles et une liste de vérification de votre plan d'action pour votre avenir. »--p.1 de 20. |
| 590 | |a13-20-Supp|b2013-08-30 |
| 691 | 07|aOrientation professionnelle|2gcpds |
| 691 | 07|aDéveloppement professionnel|2gcpds |
| 691 | 07|aJeune adulte|2gcpds |
| 775 | 08|tThe work handbook : |w(CaOODSP)9.698390 |
| 776 | 0#|tLe manuel du travail : |w(CaOODSP)9.681431 |
| 856 | 40|ahttp://publications.gc.ca|qPDF|s385 Ko|uhttps://publications.gc.ca/collections/Collection/RH34-13-1999F.pdf |
| 986 | |aCCC-MT-99F |